Cartoon Characters - The Jetsons - Statistics

General Stats
  • This quiz has been taken 147 times
  • The average score is 7 of 10
Answer Stats
Hint Answer % Correct
Father george
98%
Son Elroy
94%
Wife Jane
94%
Daugher Judy
90%
Dog Astro
86%
Robot maid Rosie
85%
Boss Cosmo G. Spacely
64%
Rival company name cogs
45%
Bosses competing company Spencer Cogswell
35%
Boss company sprockets
33%
No matching quizzes found
Score Distribution
Percent of People with Each Score
Percentile by Number Answered
Your Score History
You have not taken this quiz